Fourth five year plan 1969-74 (Record no. 20739)

MARC details
000 -LEADER
fixed length control field 00296nam a2200109Ia 4500
082 ## - DEWEY DECIMAL CLASSIFICATION NUMBER
Classification number 338.26(540)FOU
Item number FOU
245 #0 - TITLE STATEMENT
Title Fourth five year plan 1969-74
260 ## - PUBLICATION, DISTRIBUTION, ETC. (IMPRINT)
Place of publication Delhi
Name of publisher Planning commission
Year of publication 1969
650 ## - SUBJECT ADDED ENTRY--TOPICAL TERM
Topical Term Fourth five year plan
942 ## - ADDED ENTRY ELEMENTS (KOHA)
Koha item type Books
Holdings
Withdrawn status Lost status Damaged status Not for loan Home library Current library Date acquired Full call number Accession Number Koha item type
      Weed out RRII Library RRII Library 16/12/2021 338.26(540)FOU FOU 01462 Books